000 01209 a2200205 4500
001 33441
005 20260407155626.0
008 260407a1971 arg spa d
003 AR-UNSa-BCEJYS
040 _aAR-UNSa-BCEJYS
_bspa
_cAR-UNSa-BCEJYS
080 _a658.012.2
_xPlanificación. Programas. Planes. Medidas de apoyo a la planificación( Administración estratégica...)
245 1 0 _aEl comportamiento administrativo
_pestudio de los procesos de adopción de decisiones en la organización administrativa
264 1 _aMadrid :
_bAguilar
_c1971
300 _a240 p.
_c22 cm.
505 _a1. La toma de decisiones y la organización administrativa - 2. Algunos problemas de la teoría administrativa - 3 Hechos y valores en la toma de decisiones - 4. La racionalidad en el comportamiento administrativo - 5. La psicología de la decisiones administrativas - 6. El equilibrio de la organización - 7. El papel de la autoridad - 8. Comuinicación - 9. El criterio de eficiencia - 10. Lealtades e identificación organizativa - 11. La anatomía de la organización - Apéndice
942 _cBK
590 _aniveau_biblio:m niveau_hierar:0
100 1 _aSimon, Herbert A.
700 1 _aRos, Amando Lazaro
999 _c2352
_d2352